Hospodárska politika Fínska – inšpiratívne oblasti pre SR

Inovačná a vzdelávacia politika Fínska - možný zdroj inšpirácie pre Slovensko. Fínsko podľa posledného hodnotenia Svetového ekonomického fóra.

Salvato in:
Dettagli Bibliografici
Autore principale: Vargová, Andrea
Natura: Capitolo di libro
Lingua:slovacco
Soggetti:
Tags: Aggiungi Tag
Nessun Tag, puoi essere il primo ad aggiungerne!!

MARC

LEADER 00000nla a2200000 4500
001 0163191
005 20240502072831.1
041 0 |a slo 
044 |a SK 
245 1 0 |a Hospodárska politika Fínska – inšpiratívne oblasti pre SR  |c Andrea Vargová 
520 |a Inovačná a vzdelávacia politika Fínska - možný zdroj inšpirácie pre Slovensko. Fínsko podľa posledného hodnotenia Svetového ekonomického fóra. 
610 2 0 |a inovácia 
610 2 0 |a veda 
610 2 0 |a výskum 
610 2 0 |a vzdelávanie 
610 2 0 |a Fínsko 
610 2 0 |a Slovensko 
100 1 |a Vargová, Andrea